| 000 | 00458nam a2200169 a 4500 | ||
|---|---|---|---|
| 005 | 20140310183228.0 | ||
| 008 | 040308s19uu xx 00 eng d | ||
| 020 | _a0712608486 | ||
| 050 |
_aPS 3561.U69 _b.K96 1985 vol.1 |
||
| 100 | _aKurtz, Katherine | ||
| 245 |
_aDeryni rising / _bKatherine Kurtz. |
||
| 260 |
_aLondon, _bThe Guernsey Press Co. Ltd., _c1985. |
||
| 300 |
_a271 p. : _c18 cm. |
||
| 650 | _aFiction. | ||
| 942 |
_cBK _2lcc |
||
| 999 |
_c20440 _d20440 |
||